000 00320nam a22001217a 4500
008 181025b xxu||||| |||| 00| 0 eng d
041 _aeng
080 _a941
100 _a16
101 _aHIS
245 _aThe First U.S. History Survey Text Present U.S Historry With GlobalContext
_cKirk .A
942 _2udc
_cBK
999 _c50887
_d50887